000 00810 a2200193 4500
003 Nust
005 20221220111957.0
010 _a 73160629
020 _a0064944522
_a0064944530 (pbk.)
040 _cNust
082 0 0 _a320.01,VER
100 1 _a Verma.S.L
_9478
245 1 0 _aModern political theory /
_cS. L. Verma
260 _aNew York,
_bBarnes & Noble Books
_c[1973, c1970]
300 _axxv, 269 p.;
_c23 cm.
505 _aModern Political Theory (Page-1), Behavioral Revolution and After (Page-38), Facts Value and Theory (Page-69), Systems Theory (Page-98), Structural Functional Approach (Page-125), Power Influence Authority and Legitimacy (Page-162), Modernization and Political Development (Page-200), Epilogue (Page-240).
650 0 _amodern political
_9479
942 _2ddc
_cBK
_k320.01,VER
999 _c184904
_d184904